Technologický inkubátor – faktor zvyšovania zamestnanosti prostredníctvom malých a stredných podnikov

Význam podnikateľského inkubátora pre prvé fázy života vznikajúcich malých firiem. Inkubátory na Slovensku. Proces inkubácie malých a stredných podnikov. Výhody, ktoré firmám vyplývajú zo vstupu do inkubátora. Prostredie podpory malých a stredných podnikov na Slovensku. Univerzitný technologický ink...

ver descrição completa

Na minha lista:
Detalhes bibliográficos
Autor principal: Mikulíková, Lenka
Formato: Capítulo de Livro
Idioma:eslovaco
Assuntos:
Tags: Adicionar Tag
Sem tags, seja o primeiro a adicionar uma tag!

MARC

LEADER 00000nla$a2200000$$$4500
001 0143364
005 20240502072554.8
041 0 |a slo 
044 |a SK 
245 1 0 |a Technologický inkubátor – faktor zvyšovania zamestnanosti prostredníctvom malých a stredných podnikov  |c Lenka Mikulíková 
520 |a Význam podnikateľského inkubátora pre prvé fázy života vznikajúcich malých firiem. Inkubátory na Slovensku. Proces inkubácie malých a stredných podnikov. Výhody, ktoré firmám vyplývajú zo vstupu do inkubátora. Prostredie podpory malých a stredných podnikov na Slovensku. Univerzitný technologický inkubátor STU v Bratislave a jeho podpora malých a stredných podnikov. 
610 2 0 |a inkubátory podnikateľské 
610 2 0 |a inkubátory technologické 
610 2 0 |a podpora podnikania 
610 2 0 |a podnik malý 
610 2 0 |a podnik stredný 
610 2 0 |a Slovensko 
100 1 |a Mikulíková, Lenka